Rebusy z pierwiastków chemicznych - stolice państw. - Statystyki

Ogólne statystyki
  • Ten quiz został rozwiązany 36 razy
  • Średni wynik to 17 z 24
Statystyki odpowiedzi
Wskazówka Odpowiedź % Poprawnych
bar, potas, uran Baku
100%
fosfor, rad, gal Praga
94%
rad, bor, astat Rabat
88%
bor, erb, lit, azot Berlin
85%
beryl, radon, tlen Berno
85%
tytan, rad, sód Tirana
85%
siarka, uran, węgiel, ren Sucre
82%
arsen, tantal, sód Astana
73%
bizmut, siarka, siarka, złoto Bissau
73%
sód, iryd, tlen, bizmut Nairobi
73%
molibden, sód, potas, tlen Monako
70%
tellur, hel, rad, azot Teheran
70%
bor, oganeson, tlen, tantal Bogota
67%
wapń, niob, erb, rad Canberra
67%
potas, jod, gal, lit Kigali
67%
lutet, bor, lantan, sód Lublana
67%
terb, jod, lit, krzem Tbilisi
64%
brom, uran, potas, selen, lantan Bruksela
61%
potas, ameryk, protaktyn, lantan Kampala
61%
węgiel, argon, aktyn, arsen Caracas
58%
potas, tlen, sód, krypton, itr Konakry
58%
wolfram, jod, neodym, wodór, uran, potas Windhuk
58%
arsen, uran, azot, węgiel, jod, tlen, azot Asuncion
52%
fosfor, argon, ameryk, argon, jod, bor, tlen Paramaribo
52%
Nie znaleziono quizów pasujących do podanych kryteriów
Rozkład punktacji
Procent ludzi z każdym wynikiem
Percentyl według liczby udzielonych odpowiedzi
Twoja historia wyników
Nie rozwiązałeś tego quizu